Trojica rožňavských kadetov odcestovala na majstrovstvá Európy

Bibliographic Details
Format: Article
Language:Slovak
PhysicalDescription:Fotogr.
ISSN:1335-7581
Subjects:

MARC

LEADER 00000nab a2200000 a 4500
001 vtls008844961
003 SK-MaSNL
005 20260303062058.0
008 060906c2006 xo mr| 0 0slo
038 |a RVGKPD 
040 |a RVGKPD  |b slo  |c RVGKPD  |e AACR2 
041 |a slo 
044 |a xo  |c SK 
080 |a 796.323.2  |2 1997 
245 0 0 |a Trojica rožňavských kadetov odcestovala na majstrovstvá Európy  |c [autor] (pp) 
300 |b Fotogr. 
650 0 7 |a basketbal  |2 rvgkpd  |9 3290 
650 0 7 |a kadeti  |2 rvgkpd  |9 447689 
651 7 |a Rožňava (Slovensko)  |2 rvgkpd  |9 17394 
773 0 |t Korzár : Gemerský denník  |g Roč. VIII, č. 185 (11.8.2006), s. 12  |x 1335-7581 
852 |a RVGKPD  |b KIS3G 
992 |a RBX 
999 |c 1737893  |d 1739823